000 00319nam a2200133Ia 4500
008 221030s9999 xx 000 0 und d
041 _aEnglish
100 _aR. L. Boylestad
245 0 _aElectronic Devices & Circuit Theory
_cby R. L. Boylestad
250 _aJAN 2016
260 _c2016
650 _aB
942 _cBK
999 _c16041
_d16041